|
|
แสดงรายละเอียดบรรณานุกรม |
|
|
Brief Record
: Get Marc (ISO 2709)
: E-mail record
: |
|
|
| LEADER 00000nam 2200000uu 4500 | |||
| 001 209665 | |||
| 003 ULIBM | |||
| 008 140418s2555||||th 000 0 tha d | |||
| 020 ^a9786163053299 | |||
| 041 0 ^atha^beng | |||
| 050 4 ^aPE1128 ศ866ค 2555 | |||
| 100 0 ^aเศรษฐวิทย์ | |||
| 245 10 ^aคู่มือพิชิตข้อสอบภาษาอังกฤษปริญญาโททั่วประเทศและข้อสอบ TOEFL : ^bฉบับสมบูรณ์ (เพิ่มเติมแบบฝึกหัด)/^cเศรษฐวิทย์. | |||
| 250 ^aพิมพ์ครั้งที่ 2 | |||
| 260 ^aกรุงเทพฯ : ^bโรงพิมพ์เม็ดทราย,^c2555. | |||
| 300 ^a750 หน้า | |||
| 650 0 ^aEnglish language ^xGrammar. | |||
| 650 4 ^aภาษาอังกฤษ ^xข้อสอบและเฉลย ^xคู่มือ | |||
| 650 4 ^aภาษาอังกฤษ ^xไวยากรณ์ ^xคำถามและแบบฝึกหัด | |||
| 999 ^aใช้งานได้ทุกระบบ | |||
| คุณยังไม่ได้ล็อกอิน คุณสามารถมีกิจกรรมร่วมกับเว็บไซต์ได้ แต่ต้องล็อกอินก่อน :: |
|
| สถานะ | |||||||||
| 1. | หนังสือสำรอง สถานะ=หนังสือเก่า - บริการ ณ ห้องสมุด (ห้องเหลือง) | PE1128 ศ866ค 2555 | On Shelf ขอยืม | ||||||
| Note:ปีงบประมาณ 2557 | |||||||||
| 2. | หนังสือทั่วไป สถานะ=หนังสือเก่า - บริการ ณ ห้องสมุด (ห้องเหลือง) | PE1128 ศ866ค 2555 ฉ.2 | On Shelf ขอยืม | ||||||
| Note:ปีงบประมาณ 2557 | |||||||||
| 3. | หนังสือทั่วไป สถานะ=หนังสือเก่า - บริการ ณ ห้องสมุด (ห้องเหลือง) | PE1128 ศ866ค 2555 ฉ.3 | On Shelf ขอยืม | ||||||
| Note:ปีงบประมาณ 2557 | |||||||||
| 4. | หนังสือทั่วไป สถานะ=หนังสือเก่า - บริการ ณ ห้องสมุด (ห้องเหลือง) | PE1128 ศ866ค 2555 ฉ.4 | On Shelf ขอยืม | ||||||
| Note:ปีงบประมาณ 2557 | |||||||||
| 5. | หนังสือทั่วไป สถานะ=หนังสือเก่า - บริการ ณ ห้องสมุด (ห้องเหลือง) | PE1128 ศ866ค 2555 ฉ.5 | On Shelf ขอยืม | ||||||
| Note:ปีงบประมาณ 2557 | |||||||||
| [แสดง 5/5 รายการ] | |||||||||
BibComment |
| คอมเมนท์ทรัพยากรรายการนี้ |
|
|